000 00448nam a2200181Ia 4500
005 20240823025156.0
008 240823s9999||||xx |||||||||||||| ||und||
041 _aENGLISH
082 _A658.4012 P4
100 _aCMR
245 0 _aCase Studies in Brand manaegement
250 _a1
260 _c2004
_bThe ICFAI University
_aHyderabad
500 _aYES
650 _aBrand manaegement
_bManagement Studies
942 _cBK
999 _c185689
_d185689